La hojarasca

La hojarasca es una novela corta escrita por Gabriel García Márquez, publicada en 1955. Es conocida por mostrar por primera vez Macondo, el pueblo ficticio hecho famoso en Cien años de soledad. La hojarasca es un terreno de pruebas para muchos de los temas y personajes más tarde inmortalizados en di...

Full description

Bibliographic Details
Main Author: García Márquez, Gabriel 1927-2014
Format: Libro
Language:Spanish
Published: Buenos Aires : Sudamericana, 2015.
Series:Biblioteca Gabriel García Márquez
Subjects:
Online Access:

MARC

LEADER 00000cam a2200000 a 4500
001 026637
003 UAHC_CL
005 20240719201130.0
008 240708s2015 ag 000 | spa
020 |a 9789500751780 
035 |a CENTRAL 
040 |a UAHC_CL  |c UAHC_CL  |d UAHC_CL 
082 |2 21  |a C863  |b G216 
100 |a García Márquez, Gabriel  |d 1927-2014  |9 377 
245 1 3 |a La hojarasca  |c Gabriel García Márquez. 
260 |a Buenos Aires :  |b Sudamericana,  |c 2015. 
300 |a 169 páginas. 
440 |a Biblioteca Gabriel García Márquez  |9 19932 
520 |a La hojarasca es una novela corta escrita por Gabriel García Márquez, publicada en 1955. Es conocida por mostrar por primera vez Macondo, el pueblo ficticio hecho famoso en Cien años de soledad. La hojarasca es un terreno de pruebas para muchos de los temas y personajes más tarde inmortalizados en dicha obra. 
650 0 |a Literatura colombiana  |9 2999 
650 0 |a Novelas colombianas  |9 3000 
900 |a C863 GARH 
942 |c BK  |2 ddc 
952 |0 0  |1 0  |2 ddc  |4 0  |6 C_863_000000000000000_HOJG  |7 0  |8 COMP  |9 99689  |a BC  |b BC  |c General  |d 2024-07-08  |e Donación  |l 0  |o C863 HOJG  |p 1444087  |r 2025-11-26 00:00:00  |t 1  |w 2024-07-08  |y BK 
999 |c 61861  |d 61861